Πατώντας σε δύο Αιώνες / Between two Centuries (Record no. 5982)
[ view plain ]
| 000 -LEADER | |
|---|---|
| fixed length control field | 02152cam a22002294a 4500 |
| 005 - ΗΜΕΡΟΜΗΝΙΑ ΚΑΙ ΩΡΑ ΤΕΛΕΥΤΑΙΑΣ ΕΝΗΜΕΡΩΣΗΣ | |
| Πεδίο ελέγχου | 20250605164227.0 |
| 008 - FIXED-LENGTH DATA ELEMENTS--GENERAL INFORMATION | |
| Πεδίο ελέγχου σταθερού μήκους | 250528s ||||||||||||||||||||||||d |
| 035 ## - SYSTEM CONTROL NUMBER | |
| System control number | 20903 |
| 020 ## - ISBN | |
| ISBN | 9789609973601 |
| 040 ## - ΠΗΓΗ ΚΑΤΑΛΟΓΟΓΡΑΦΗΣΗΣ | |
| Φορέας πρωτότυπης καταλογογράφησης | MC Athens Campus Library |
| Γλώσσα καταλογογράφησης | Ελληνικά, Μοντέρνα (1453-) |
| Modifying agency | MC Athens Campus Library |
| Κανόνες περιγραφικής καταλογογράφησης | AACR2 |
| 245 1# - ΤΙΤΛΟΣ ΚΑΙ ΔΗΛΩΣΗ ΥΠΕΥΘΥΝΟΤΗΤΑΣ | |
| Τίτλος | Πατώντας σε δύο Αιώνες / Between two Centuries |
| 250 ## - EDITION STATEMENT | |
| Edition statement | 1η |
| 260 ## - PUBLICATION, DISTRIBUTION, ETC. | |
| Name of publisher, distributor, etc. | Worldwide Editions |
| -- | Παγκόσμιες Εκδόσεις Ελληνισμού, |
| Date of publication, distribution, etc. | 2011 |
| 300 ## - PHYSICAL DESCRIPTION | |
| Extent | 272 |
| 520 ## - SUMMARY, ETC. | |
| Summary, etc. | Παυλίδης, Ξενοδοχείο Μεγάλη Βρετάννια, Εθνική Ασφαλιστική, Κηροπλαστείο Σκιαδάς, Βαράγκης Α.Β.Ε.Π.Ε., Αντώνης Βουράκης Ε.Π.Ε., Σπύρος Κιτάντης Άνθη, Καφεκοπτείο Μισεγιάννη, Εταιρεία Παπαποστόλου, Αφοί Γ. Κούρη Α.Ε.Β.Ε., Τσιμετζόγλου Ε.Ε.Β.Ε., Λουκουμάδες Αιγαίον, Οίκος Σαρίδη, Γιώτης Α.Ε., Regina, Χ. Βερέμης-Ότις Α.Β.Ε.Τ.Ε., Εργόχειρο 31 Ε.Π.Ε, Ηλίας Λαλαούνης - Έργο Ζωής, ΟΤΕ, ΔΕΗ, Κωτσόβολος Α. Ε., Όμιλος Fourlis, Bic Βιολέξ, Όμιλος Κολιός Α.Β.Ε.Ε. Όμιλος Καλλιμάνη, Έλαστρον Α.Ε.Β.Ε. Χαλυβουργικά Προϊόντα, Πυραμίς Α.Ε., Εκπαιδευτικός Όμιλος Νίκος Αμάραντος, Ευάγγελος Ρήγας Α.Β.Ε.Τ.Ε., Όμιλος Heinami, Αθηναϊκή Ζυθοποίια Α.Ε., Αφοί Μάστορα Λυχνοστάτης, Medi Πρίνου, Stamper Α.Ε., Οίκος Καίσαρης, Σάντρα Α.Ε., Ι. Δελούδης Α.Ε., Δ. Μασούτης Α.Ε., Apivita Α.Ε., Isomat Α.Ε., Λάκης Γαβαλάς Α.Ε., Όμιλος Εταιρειών Τσαγκαράκης, Κλέος Α.Ε., ΔΑ.ΜΟΝ Τεχνική Μάνιτας Γεώργιος. |
| 700 1# - ΠΡΟΣΘΕΤΗ ΑΝΑΓΡΑΦΗ--ΦΥΣΙΚΟ ΠΡΟΣΩΠΟ | |
| Personal name | Τσαμπάς Γεώργιος |
| 9 (RLIN) | 6891 |
| 700 1# - ΠΡΟΣΘΕΤΗ ΑΝΑΓΡΑΦΗ--ΦΥΣΙΚΟ ΠΡΟΣΩΠΟ | |
| Personal name | Τσολάκη Αναστασία |
| 9 (RLIN) | 6892 |
| 942 ## - ADDED ENTRY ELEMENTS (KOHA) | |
| Koha item type | Books |
| Τύπος τεκμηρίου | Βιβλιοθήκη | Τρέχουσα τοποθεσία | Barcode | Αριθμός εισαγωγής | Ημερομηνία απόκτησης | Ταξιθετικό σύμβολο | Αριθμός αντιτύπου | Κατάσταση απόσυρσης | Κατάσταση χαμένου | Κατάσταση κατεστραμμένου | Μη δανεισμός | Σύνολο δανεισμών | Ημερομηνία τελευταίας εμφάνισης | Η τιμή ισχύει από |
|---|---|---|---|---|---|---|---|---|---|---|---|---|---|---|
| Books | MC Athens Campus Library | MC Athens Campus Library | 9780000059819 | 6563 | 05/06/2025 | 338.04 PEE | 1 | 05/06/2025 | 05/06/2025 |